命中率80未満のポケモンの技 - Statistics

General Stats
  • This quiz has been taken 578 times
  • The average score is 10 of 25
Answer Stats
Hint Answer % Correct
ぜったいれいど
95%
30 じわれ
90%
ハサミギロチン
83%
つのドリル
77%
70 かみなり
63%
ふぶき
62%
50 でんじほう
62%
60 さいみんじゅつ
60%
55 うたう
45%
れんごく
41%
きあいだま
37%
ばくれつパンチ
37%
ねむりごな
36%
75 しびれごな
32%
ぼうふう
30%
どくのこな
24%
ドラゴンダイブ
22%
75 アイアンテール
19%
ちょうおんぱ
19%
マグマストーム
16%
メガトンキック
14%
75 たたきつける
13%
75 あくまのキッス
11%
てんしのキッス
9%
スモッグ
6%
No matching quizzes found
Score Distribution
Percent of People with Each Score
Percentile by Number Answered
Your Score History
You have not taken this quiz